000 00722cam a2200217 a 4500
001 11807656
005 20180309040314.0
008 991012s2000 njua 001 0 eng
010 _a 99052987
020 _a0139241191 (pbk.)
040 _aDLC
_cDLC
_dDLC
041 _aeng
080 _a547
082 0 0 _a547 BAI
_221
100 1 _a12
101 _aKIM
245 1 0 _aOrganic chemistry :
_cPhilip S. Bailey, Jr., Christina A. Bailey.
906 _a7
_bcbc
_corignew
_d1
_eocip
_f19
_gy-gencatlg
942 _2ddc
_cBK
999 _c44549
_d44549